Socio-cultural creativity in the converging and restructuring process of the new emerging world /

Saved in:
Bibliographic Details
Main Author: Alisyahbana, S. Takdir (Sutan Takdir), 1908-
Format: Book
Language:English
Published: Tokyo : The United Nations University, c1980.
Series:HSDP-SCA series 110: 10. UNUP ;
Subjects:
LEADER 01266nam a2200265 i 4500
001 c000312757
003 CARM
005 00000000000000.0
008 820618s1980 ja 00000 eng d
019 1 |a 2597045  |5 LACONCORD2021 
020 |a 9280801104 
035 |a (OCoLC)7406799  |5 LACONCORD2021 
082 0 4 |a 303.4  |2 19 
100 1 0 |a Alisyahbana, S. Takdir  |q (Sutan Takdir),  |d 1908- 
245 1 0 |a Socio-cultural creativity in the converging and restructuring process of the new emerging world /  |c S. Takdir Alisjahbana. 
260 |a Tokyo :  |b The United Nations University,  |c c1980. 
300 |a 65 p. ;  |c 28 cm. 
490 0 |a HSDP-SCA series  |v 110: 10. UNUP ; 
500 |a "Sub-project on endogenous intellectual creativity (EIC)" 
500 |a "This paper was presented at the Asian Symposium on Intellectual Creativity in Endogenous Culture, held in Kyoto, Japan, 13-17 November 1978, under the joint sponsorship of the United Nations University and Kyoto University" 
650 0 |a Acculturation. 
650 0 |a Social change. 
852 8 |b CARM  |h A3:AD01C0  |i F05578  |p 0472444  |f BK 
999 f f |i e9f0c237-e460-5d0f-9a94-36fa59aee308  |s 04c8f75a-40a5-57b9-8a80-7f7b0f91852e 
952 f f |p Can circulate  |a CAVAL  |b CAVAL  |c CAVAL  |d CARM 1 Store  |e F05578  |f A3:AD01C0  |h Other scheme  |i book  |m 0472444